Enzyme kinetics for systems biology (Record no. 394108)

MARC details
000 -LEADER
fixed length control field 00488 a2200193 4500
005 - DATE & TIME
control field 20260112154530.0
008 - FIXED-LENGTH DATA ELEMENTS--GENERAL INFORMATION
fixed length control field 260112b |||||||| |||| 00| 0 eng d
020 ## - ISBN
International Standard Book Number 9781916631724
Price £ 165.00
040 ## - CATALOGING SOURCE
Original cataloging agency VIVEKANANDA LIBRARY
082 ## - DDC NUMBER
Classification number 572.4
Book Number A12E
100 ## - MAIN ENTRY--PERSONAL NAME
Personal name Awan, Terry
245 ## - TITLE STATEMENT
Title Enzyme kinetics for systems biology
260 ## - PUBLICATION, DISTRIBUTION, ETC. (IMPRINT)
Name of publisher, distributor, etc Random Publishing
Date of publication, distribution, etc 2024
Place of publication, distribution, etc England
300 ## - PHYSICAL DESCRIPTION
Pages viii, 216
650 ## - Subject
Subject Biochemistry
650 ## - Subject
Subject Enzymes
650 ## - Subject
Subject Enzyme Kinetics
942 ## - ADDED ENTRY ELEMENTS (KOHA)
Koha item type Books
Holdings
Withdrawn status Lost status Source of classification or shelving scheme Damaged status Not for loan Location (home branch) Sublocation or collection (holding branch) Shelving location Date acquired Koha issues (times borrowed) Koha full call number Accession No. Koha date last seen Koha item type
    Dewey Decimal Classification     VIVEKANANDA LIBRARY VIVEKANANDA LIBRARY Vivekananda Library 15/12/2025   572.4 A12E 443669 15/12/2025 Books
© Designed and Maintained by Vivekananda Library, MDU Rohtak